| 000 | 00858nam a2200241 i 4500 | ||
|---|---|---|---|
| 001 | 172105 | ||
| 003 | ES-MaACL | ||
| 005 | 20230906214822.0 | ||
| 008 | 090615s1980 sp |||| | spa d | ||
| 080 | _a308(44)"1789/99" | ||
| 080 | _a323.27(44)"17/18":323.333 | ||
| 080 | _a323.27"17/18":323.333 | ||
| 100 | 1 |
_aSoboul, Albert. _9106991 |
|
| 245 | 1 | 0 |
_aProblemas campesinos de la revolución, 1789-1848 / _cpor Albert Soboul ; [traducción de Pilar López Máñez]. |
| 250 | _a1ª ed. en castellano. | ||
| 260 |
_a[Madrid] : _bSiglo XXI de España, _c1980. |
||
| 300 |
_a279 p. ; _c21 cm. |
||
| 650 | 1 | 4 |
_aRevueltas campesinas- _zFrancia- _vHistoria. _9140683 |
| 650 | 4 |
_aRevueltas campesinas- _vHistoria. _9140684 |
|
| 651 | 4 |
_aFrancia- _xSituación social- _yS.XVIII. _98719 |
|
| 700 | 1 |
_aLópez Máñez, Pilar. _973746 |
|
| 852 |
_aES-MaACL _jC-34403 |
||
| 999 |
_c172105 _d172105 |
||